Comercio y medio ambiente más allá del viejo debate /

Guardado en:
Bibliografiske detaljer
Hovedforfatter: Duarte Villarello, Mario
Format: Texto
Fag:
Tags: Tilføj Tag
Ingen Tags, Vær først til at tagge denne postø!

MARC

LEADER 00000 a a2200000 04500
001 3524
003
040
100 |a Duarte Villarello, Mario  
245 |a Comercio y medio ambiente más allá del viejo debate /  |c Mario Duarte Villarello 
650 |a ACUERDOS INTERNACIONALES  
650 |a OMC  
650 |a DESARROLLO SOSTENIBLE  
773 |g volumen 52, número 11; páginas 992-999  
999 |c 39873  |d 39873